000 00437nam a2200157Ia 4500
005 20250529031628.0
008 240331s9999 xx 000 0 und d
020 _a955939004X
082 _bSEN
_a303
100 _aSenanayaka, M
245 0 _aLankawe abbyanthara sarangathayin
260 _aColombo
_bCentre For policy Research and Analysis
_c1997
300 _a90 p.,
500 _aInternally Displaced persons in Sri Lanka
942 _cL
999 _c1336
_d1336